All Country Flags Featuring Coat of Arms - Statistics

General Stats
  • This quiz has been taken 32 times
    31 since last reset
  • The average score is 16 of 24
Answer Stats
Hint Answer % Correct
Flag of Spain Spain
83%
Flag of Andorra Andorra
78%
Flag of Haiti Haiti
78%
Flag of Mexico Mexico
78%
Flag of Belize Belize
74%
Flag of Portugal Portugal
74%
Flag of Bolivia Bolivia
70%
Flag of Croatia Croatia
70%
Flag of Moldova Moldova
70%
Flag of Nicaragua Nicaragua
70%
Flag of Slovakia Slovakia
70%
Slovenia
70%
Flag of the Dominican Republic Dominican Republic
65%
Flag of Ecuador Ecuador
65%
Flag of El Salvador El Salvador
65%
Flag of San Marino San Marino
65%
Flag of Costa Rica Costa Rica
61%
Flag of Guatemala Guatemala
61%
Flag of Paraguay Paraguay
57%
Flag of Peru Peru
57%
Flag of Serbia Serbia
57%
Flag of Fiji Fiji
52%
Flag of Montenegro Montenegro
43%
Flag of Equatorial Guinea Equatorial Guinea
39%
No matching quizzes found
Score Distribution
Percent of People with Each Score
Percentile by Number Answered
Your Score History
You have not taken this quiz since the last reset